| 000 | 00341 a2200133 4500 | ||
|---|---|---|---|
| 001 | 90387 | ||
| 082 | _a954.914 KAR | ||
| 090 |
_c42707 _d42707 |
||
| 100 | _aKaram Elahi | ||
| 245 |
_aTareekh e Multan _cChoudhry Karam Elahi Badar _hUrdu |
||
| 260 |
_aIslamabad _bRohani Art Press _c2009 |
||
| 300 | _a223p. | ||
| 500 | _aGeneral Collection | ||
| 942 |
_aCAE NUST _k954.914 KAR |
||
| 999 |
_c325460 _d325460 |
||